| 000 | 01612nam a2200193Ia 4500 | ||
|---|---|---|---|
| 003 | Ost | ||
| 005 | 20260507075727.0 | ||
| 008 | 260507s9999||||xx |||||||||||||| ||und|| | ||
| 040 | _cfsecg | ||
| 041 | _aara | ||
| 082 | _a346.07 | ||
| 100 |
_aحسن، علي عوض _eمؤلف |
||
| 245 | 0 |
_aالصيغ القانونية : _bللدعاوى التجارية / _c علي عوض حسن |
|
| 260 |
_aالاسكندرية: _bدار المطبوعات الجامعية, _c2003 |
||
| 300 | _a386 صفحة؛ | ||
| 520 | _aالتجارة بوجه عام الاعمال التجارية ، التاجر ، المتجر ، السجل التجاري ، الدفتر التجارية ، سوق الاوراق المالية الالتزام والعقود والتجارية لاعذار ودعاوي المسؤلية ، نقل التكنولوجيا ، البيوع التجارية ، الرهن التجاري الوكالة التجارية السمسرة ، النقل البري والبحري والجوي طبقا للقانون التجارة الجديد، عمليات البنوك ،دعاوي وطعون الضرائب ، الاوراق التجارية ، الكمبيالة الشيك ، السند لامر الافلاس والصلح الواقي منه، الصيغ في تشريعات حماية الملكية الفكرية القانون رقم 82 لسنة 2002 ، الصيغ في الشركات التجارية صيغ الاستءناف والنقض في المواد التجارية والبحرية والضرائب | ||
| 653 | _aالقانون التجاري | ||
| 942 | _cكتاب | ||
| 999 |
_c45994 _d45994 |
||